[Event "WC-2019-Q-00009"]
[Site "LSS email"]
[Date "2019.08.28"]
[Round "?"]
[White "Cardoso, Sergio"]
[Black "Bobykin, Kirill Mikhailovich"]
[Result "1/2-1/2"]
[WhiteElo "2249"]
[BlackElo "2464"]
[PlyCount "91"]
[EventDate "2019.09.01"]
[EventType "tourn (corr)"]
[EventRounds "12"]
[EventCountry "GER"]
[SourceTitle "Corr 2022"]
[Source "ChessBase"]
[SourceDate "2021.10.24"]
[SourceVersion "1"]
[SourceVersionDate "2021.10.24"]
[SourceQuality "1"]

1. c4 Nf6 2. Nc3 e5 3. Nf3 Nc6 4. g3 d5 5. cxd5 Nxd5 6. Bg2 Nb6 7. b3 Be7 8. 0-0 0-0 9. Bb2 f6 10. d3 Be6 11. Rc1 Qc8 12. a3 Rd8 13. Ne4 Bd5 14. Nfd2 Qe6 15. e3 Qd7 16. f4 a5 17. fxe5 Nxe5 18. Nf3 Nxf3+ 19. Qxf3 Bc6 20. g4 Qe6 21. Bd4 Bxa3 22. Rc2 Rf8 23. Qg3 Nd7 24. Bh3 Rf7 25. g5 f5 26. g6 Qxg6 27. Rxf5 Qxg3+ 28. Nxg3 Nf6 29. Rf1 Re8 30. e4 Rd8 31. Nf5 Kh8 32. Bg2 Bb5 33. e5 Bxd3 34. exf6 Bxf5 35. Rxf5 Rxd4 36. fxg7+ Rxg7 37. Rxa5 Be7 38. Ra8+ Bd8 39. Rf2 Kg8 40. Kf1 b6 41. Ra4 Rgd7 42. Rxd4 Rxd4 43. Rf5 Be7 44. Bd5+ Kh8 45. h3 Bd6 46. Ke2 1/2-1/2

[Event "WC-2019-Q-00009"]
[Site "LSS email"]
[Date "2019.08.28"]
[Round "?"]
[White "Hogar, Raif"]
[Black "Bobykin, Kirill Mikhailovich"]
[Result "1/2-1/2"]
[WhiteElo "2121"]
[BlackElo "2464"]
[PlyCount "46"]
[EventDate "2019.09.01"]
[EventType "tourn (corr)"]
[EventRounds "12"]
[EventCountry "GER"]
[SourceTitle "Corr 2022"]
[Source "ChessBase"]
[SourceDate "2021.10.24"]
[SourceVersion "1"]
[SourceVersionDate "2021.10.24"]
[SourceQuality "1"]

1. c4 Nf6 2. Nc3 e5 3. Nf3 Nc6 4. e3 Bb4 5. Qc2 Bxc3 6. Qxc3 d6 7. b4 0-0 8. Bb2 Bg4 9. b5 Ne7 10. Be2 c6 11. bxc6 Nxc6 12. d3 Re8 13. 0-0 d5 14. cxd5 Nxd5 15. Qb3 Rb8 16. a4 Be6 17. Qa3 f6 18. Rac1 Rc8 19. Nd2 Qe7 20. Qa1 Na5 21. Ba3 Qd7 22. Qb2 Red8 23. h3 b6 1/2-1/2

[Event "WC-2019-S-00005"]
[Site "LSS email"]
[Date "2019.04.07"]
[Round "?"]
[White "Osipov, Anatoly Vladimirovi"]
[Black "Bobykin, Kirill Mikhailovich"]
[Result "1/2-1/2"]
[WhiteElo "2413"]
[BlackElo "2474"]
[PlyCount "83"]
[EventDate "2019.04.13"]
[EventType "tourn (corr)"]
[EventRounds "12"]
[EventCountry "GER"]
[SourceTitle "Corr 2022"]
[Source "ChessBase"]
[SourceDate "2021.10.24"]
[SourceVersion "1"]
[SourceVersionDate "2021.10.24"]
[SourceQuality "1"]

1. d4 Nf6 2. c4 e6 3. Nf3 b6 4. g3 Bb7 5. Bg2 Be7 6. Nc3 Ne4 7. Bd2 0-0 8. d5 f5 9. Qc2 exd5 10. Nxd5 c6 11. Nc3 d5 12. 0-0 Na6 13. Rfd1 Bf6 14. Be3 Qe8 15. cxd5 cxd5 16. Nd4 Rc8 17. Rac1 Be5 18. Qb3 Nac5 19. Qa3 f4 20. gxf4 Nxc3 21. Rxc3 Bxf4 22. Bxf4 Rxf4 23. b4 Ne4 24. Rxc8 Bxc8 25. Qe3 Rf8 26. f3 Nf6 27. Qxe8 Rxe8 28. Rc1 Bd7 29. Kf2 a5 30. bxa5 bxa5 31. f4 Kf8 32. Rc7 a4 33. Ra7 Rb8 34. Bxd5 Rb4 35. e3 Rb2+ 36. Kf3 Bg4+ 37. Kg3 Nxd5 38. Kxg4 g6 39. Rxa4 Nxe3+ 40. Kf3 Nf5 41. Nxf5 gxf5 42. h4 1/2-1/2

[Event "WC-2018-T-00001"]
[Site "LSS email"]
[Date "2018.11.28"]
[Round "?"]
[White "Sadowski, Marek"]
[Black "Bobykin, Kirill Mikhailovich"]
[Result "1/2-1/2"]
[WhiteElo "2288"]
[BlackElo "2479"]
[PlyCount "62"]
[EventDate "2018.12.03"]
[EventType "tourn (corr)"]
[EventRounds "10"]
[EventCountry "GER"]
[SourceTitle "Corr 2022"]
[Source "ChessBase"]
[SourceDate "2021.10.24"]
[SourceVersion "1"]
[SourceVersionDate "2021.10.24"]
[SourceQuality "1"]

1. d4 Nf6 2. c4 e6 3. Nf3 b6 4. g3 Bb7 5. Bg2 Be7 6. 0-0 0-0 7. Re1 d5 8. cxd5 exd5 9. Nc3 Nbd7 10. Bf4 c5 11. Rc1 Ne4 12. Nxe4 dxe4 13. Nd2 Nf6 14. Nb3 cxd4 15. Qxd4 Rc8 16. Qa4 a6 17. Be3 b5 18. Qd4 Bd5 19. Rxc8 Qxc8 20. Qa7 Qd7 21. Qxd7 Nxd7 22. Rc1 Ne5 23. Nd4 Bf6 24. b3 Ng4 25. Bh3 h5 26. Nf5 Be6 27. Nd4 Bd5 28. Rc5 Rd8 29. Nc6 Bxc6 30. Bxg4 hxg4 31. Rxc6 a5 1/2-1/2

[Event "CP-2018-P-00037"]
[Site "LSS email"]
[Date "2018.09.27"]
[Round "?"]
[White "Bobykin, Kirill Mikhailovich"]
[Black "Mostowik, Pawel"]
[Result "1-0"]
[WhiteElo "2479"]
[BlackElo "1863"]
[PlyCount "39"]
[EventDate "2018.10.01"]
[EventType "tourn (corr)"]
[EventRounds "6"]
[EventCountry "GER"]
[SourceTitle "Corr 2022"]
[Source "ChessBase"]
[SourceDate "2021.10.24"]
[SourceVersion "1"]
[SourceVersionDate "2021.10.24"]
[SourceQuality "1"]

1. Nf3 Nf6 2. d4 d5 3. c4 e6 4. Nc3 c6 5. Bg5 dxc4 6. e4 b5 7. e5 h6 8. Bh4 g5 9. Nxg5 hxg5 10. Bxg5 Nbd7 11. g3 Bb7 12. Bg2 Qb6 13. exf6 0-0-0 14. 0-0 c5 15. d5 e5 16. Qe2 Bh6 17. h4 Kb8 18. Rfd1 Bxg5 19. hxg5 a5 20. b3 1-0

[Event "CP-2018-P-00037"]
[Site "LSS email"]
[Date "2018.09.27"]
[Round "?"]
[White "Bobykin, Kirill Mikhailovich"]
[Black "Puntus, Vladimir"]
[Result "1/2-1/2"]
[WhiteElo "2479"]
[BlackElo "2046"]
[PlyCount "81"]
[EventDate "2018.10.01"]
[EventType "tourn (corr)"]
[EventRounds "6"]
[EventCountry "GER"]
[SourceTitle "Corr 2022"]
[Source "ChessBase"]
[SourceDate "2021.10.24"]
[SourceVersion "1"]
[SourceVersionDate "2021.10.24"]
[SourceQuality "1"]

1. e4 e5 2. Nf3 Nc6 3. Bb5 a6 4. Ba4 Nf6 5. 0-0 Be7 6. Re1 b5 7. Bb3 0-0 8. h3 Bb7 9. d3 d5 10. exd5 Nxd5 11. Nxe5 Nxe5 12. Rxe5 Qd6 13. Re1 Rae8 14. Nd2 c5 15. Ne4 Qc6 16. c4 Nb6 17. f3 Bh4 18. Rf1 bxc4 19. dxc4 f5 20. Nc3 Bg3 21. Ne2 Be5 22. a4 Nd7 23. a5 Qc7 24. Ba4 Re7 25. Ra3 Nf6 26. Qd2 Bc6 27. Bxc6 Qxc6 28. Qd3 Bc7 29. Nf4 g5 30. Nd5 Nxd5 31. cxd5 Qd6 32. f4 Re4 33. Qd1 gxf4 34. Raf3 Qh6 35. Bd2 Rd8 36. Qb3 Be5 37. Qb7 Qd6 38. Bc3 Bd4+ 39. Kh1 h6 40. Bxd4 cxd4 41. Qa7 1/2-1/2

[Event "WC-2018-Q-00001"]
[Site "LSS email"]
[Date "2018.09.16"]
[Round "?"]
[White "Bobykin, Kirill Mikhailovich"]
[Black "Fuzishawa, Richard"]
[Result "1/2-1/2"]
[WhiteElo "2479"]
[BlackElo "2318"]
[PlyCount "64"]
[EventDate "2018.09.22"]
[EventType "tourn (corr)"]
[EventRounds "12"]
[EventCountry "GER"]
[SourceTitle "Corr 2022"]
[Source "ChessBase"]
[SourceDate "2021.10.24"]
[SourceVersion "1"]
[SourceVersionDate "2021.10.24"]
[SourceQuality "1"]

1. e4 c5 2. Nf3 d6 3. d4 cxd4 4. Nxd4 Nf6 5. Nc3 a6 6. Be3 e5 7. Nb3 Be7 8. f3 0-0 9. Qd2 Be6 10. 0-0-0 Nbd7 11. g4 b5 12. g5 b4 13. Ne2 Ne8 14. f4 a5 15. f5 Bxb3 16. cxb3 a4 17. bxa4 Rxa4 18. Kb1 Rxa2 19. Nc1 Ra8 20. Nb3 Qc7 21. Bb5 Nc5 22. Qc2 Nxb3 23. Qxb3 d5 24. Rxd5 Qa5 25. f6 Bd6 26. Rhd1 Nc7 27. Bc6 Nxd5 28. Qxd5 Qxd5 29. Rxd5 Rad8 30. Bb6 h6 31. fxg7 Kxg7 32. gxh6+ Kxh6 1/2-1/2

[Event "WC-2018-Q-00001"]
[Site "LSS email"]
[Date "2018.09.16"]
[Round "?"]
[White "Bobykin, Kirill Mikhailovich"]
[Black "Lehnhoff, Heinz Georg"]
[Result "1/2-1/2"]
[WhiteElo "2479"]
[BlackElo "2324"]
[PlyCount "89"]
[EventDate "2018.09.22"]
[EventType "tourn (corr)"]
[EventRounds "12"]
[EventCountry "GER"]
[SourceTitle "Corr 2022"]
[Source "ChessBase"]
[SourceDate "2021.10.24"]
[SourceVersion "1"]
[SourceVersionDate "2021.10.24"]
[SourceQuality "1"]

1. e4 c5 2. Nf3 d6 3. Bb5+ Bd7 4. Bxd7+ Qxd7 5. 0-0 Nc6 6. c4 Nf6 7. Nc3 g6 8. d4 cxd4 9. Nxd4 Bg7 10. Nde2 0-0 11. f3 a6 12. a4 e6 13. Bg5 Qc7 14. Kh1 Nd7 15. b3 Nc5 16. Rb1 Rac8 17. Bf4 Qb6 18. Na2 Be5 19. Bg5 Qc7 20. Qd2 Rb8 21. Be3 Rfc8 22. Rfc1 Bg7 23. h3 Rd8 24. Nac3 Nb4 25. Rd1 Rbc8 26. Na2 Nc6 27. Nb4 Na5 28. Nc1 Bf6 29. Qe1 Qe7 30. Bf2 h5 31. Nbd3 Qc7 32. Nf4 Nc6 33. Na2 Kh7 34. Ne2 Qe7 35. Qd2 Bg5 36. Qc2 a5 37. Rf1 Bh4 38. Bg1 Rc7 39. Rbd1 Rcd7 40. Nd4 Nxd4 41. Bxd4 Bf6 42. Bg1 b6 43. Nc3 Bg7 44. Rd2 Qf6 45. Bd4 1/2-1/2

[Event "WC-2017-Q-00010"]
[Site "LSS email"]
[Date "2017.08.22"]
[Round "?"]
[White "Bobykin, Kirill Mikhailovich"]
[Black "Ramponelli, Roberto"]
[Result "1/2-1/2"]
[WhiteElo "2493"]
[BlackElo "2173"]
[PlyCount "56"]
[EventDate "2017.09.01"]
[EventType "tourn (corr)"]
[EventRounds "12"]
[EventCountry "GER"]
[SourceTitle "Corr 2022"]
[Source "ChessBase"]
[SourceDate "2021.10.24"]
[SourceVersion "1"]
[SourceVersionDate "2021.10.24"]
[SourceQuality "1"]

1. e4 Nf6 2. e5 Nd5 3. d4 d6 4. Nf3 g6 5. c4 Nb6 6. exd6 cxd6 7. Nc3 Bg7 8. Be2 0-0 9. h3 Nc6 10. 0-0 Bf5 11. Re1 Rc8 12. a3 Re8 13. b3 e5 14. Bg5 Bf6 15. Bxf6 Qxf6 16. d5 Nd4 17. Rc1 h5 18. Bf1 Nxf3+ 19. Qxf3 Kg7 20. a4 Nd7 21. a5 Nc5 22. Qd1 e4 23. Re3 b6 24. axb6 axb6 25. Nb5 Bd7 26. Nc3 Bf5 27. Nb5 Bd7 28. Nc3 Bf5 1/2-1/2

[Event "WC-2017-Q-00010"]
[Site "LSS email"]
[Date "2017.08.22"]
[Round "?"]
[White "Bobykin, Kirill Mikhailovich"]
[Black "Sarakenidis, Nikolaos"]
[Result "1-0"]
[WhiteElo "2493"]
[BlackElo "2355"]
[PlyCount "78"]
[EventDate "2017.09.01"]
[EventType "tourn (corr)"]
[EventRounds "12"]
[EventCountry "GER"]
[SourceTitle "Corr 2022"]
[Source "ChessBase"]
[SourceDate "2021.10.24"]
[SourceVersion "1"]
[SourceVersionDate "2021.10.24"]
[SourceQuality "1"]

1. e4 e5 2. Nf3 Nc6 3. Bb5 a6 4. Ba4 Nf6 5. 0-0 Be7 6. Re1 b5 7. Bb3 d6 8. c3 0-0 9. h3 Nb8 10. d4 Nbd7 11. c4 c6 12. Nc3 b4 13. Na4 c5 14. d5 Re8 15. Bc2 Nf8 16. a3 a5 17. b3 Ng6 18. Nb2 Bd7 19. h4 Bf8 20. g3 Bg4 21. Qd3 Bd7 22. Nh2 h6 23. Nd1 Be7 24. Ne3 Qc8 25. Bb2 Bd8 26. Kg2 Ra7 27. Reb1 Bh3+ 28. Kg1 Bd7 29. Nhf1 Bb6 30. Qe2 Qc7 31. Nf5 Ne7 32. a4 Bxf5 33. exf5 Nh7 34. g4 Qd8 35. Ng3 Nc8 36. Kg2 f6 37. Rh1 Qe7 38. g5 fxg5 39. hxg5 Nxg5 1-0

[Event "WC-2017-Q-00010"]
[Site "LSS email"]
[Date "2017.08.22"]
[Round "?"]
[White "Ramponelli, Roberto"]
[Black "Bobykin, Kirill Mikhailovich"]
[Result "1/2-1/2"]
[WhiteElo "2173"]
[BlackElo "2493"]
[PlyCount "48"]
[EventDate "2017.09.01"]
[EventType "tourn (corr)"]
[EventRounds "12"]
[EventCountry "GER"]
[SourceTitle "Corr 2022"]
[Source "ChessBase"]
[SourceDate "2021.10.24"]
[SourceVersion "1"]
[SourceVersionDate "2021.10.24"]
[SourceQuality "1"]

1. e4 e5 2. Nf3 Nc6 3. Bb5 a6 4. Bxc6 dxc6 5. 0-0 Bg4 6. h3 h5 7. d3 Qf6 8. Nbd2 Ne7 9. Re1 Ng6 10. d4 Bd6 11. hxg4 hxg4 12. Nh2 Rxh2 13. Qxg4 Qh4 14. Qxh4 Rxh4 15. Nf3 Rh5 16. Be3 0-0-0 17. g3 Re8 18. Kg2 f6 19. Rad1 exd4 20. Bxd4 c5 21. Bc3 b5 22. b3 Kb7 23. Bb2 Kb6 24. c4 Be5 1/2-1/2

[Event "WC-2017-Q-00010"]
[Site "LSS email"]
[Date "2017.08.22"]
[Round "?"]
[White "Sarakenidis, Nikolaos"]
[Black "Bobykin, Kirill Mikhailovich"]
[Result "1/2-1/2"]
[WhiteElo "2355"]
[BlackElo "2493"]
[PlyCount "99"]
[EventDate "2017.09.01"]
[EventType "tourn (corr)"]
[EventRounds "12"]
[EventCountry "GER"]
[SourceTitle "Corr 2022"]
[Source "ChessBase"]
[SourceDate "2021.10.24"]
[SourceVersion "1"]
[SourceVersionDate "2021.10.24"]
[SourceQuality "1"]

1. e4 e5 2. Nf3 Nc6 3. Bb5 a6 4. Ba4 Nf6 5. 0-0 Be7 6. Re1 b5 7. Bb3 d6 8. c3 0-0 9. h3 Bb7 10. d4 Re8 11. Nbd2 exd4 12. cxd4 Nd7 13. Nf1 Na5 14. Bc2 c5 15. Ne3 cxd4 16. Nxd4 g6 17. a4 b4 18. Bd2 Qb6 19. Nb3 Nf6 20. Nxa5 Qxa5 21. Bb3 Bxe4 22. Ng4 d5 23. Nh6+ Kg7 24. Bg5 Bc5 25. Qd2 Re6 26. Rac1 Rae8 27. Kh1 Qb6 28. a5 Qd6 29. Ba4 Rc8 30. Bf4 Qe7 31. f3 b3 32. Bxb3 Nh5 33. Nxf7 Nxf4 34. Qxf4 Bf5 35. Ne5 Qd6 36. Rcd1 Qb8 37. Bxd5 Re7 38. Qg3 Qxb2 39. Nc4 Qc3 40. Rxe7+ Bxe7 41. Qf4 Rd8 42. Ne3 Qf6 43. Qc7 Rd7 44. Qb8 Rd8 45. Qb7 Bc8 46. Qc7 Kh6 47. Qc1 Kg7 48. Qc7 Kh6 49. Qc1 Kg7 50. Qc7 1/2-1/2

[Event "WC-2017-S-00004"]
[Site "LSS email"]
[Date "2017.06.07"]
[Round "?"]
[White "Dard, Michel"]
[Black "Bobykin, Kirill Mikhailovich"]
[Result "1/2-1/2"]
[WhiteElo "2315"]
[BlackElo "2498"]
[PlyCount "48"]
[EventDate "2017.06.15"]
[EventType "tourn (corr)"]
[EventRounds "12"]
[EventCountry "GER"]
[SourceTitle "Corr 2022"]
[Source "ChessBase"]
[SourceDate "2021.10.24"]
[SourceVersion "1"]
[SourceVersionDate "2021.10.24"]
[SourceQuality "1"]

1. c4 e5 2. g3 Nf6 3. Bg2 Bc5 4. Nc3 0-0 5. Nf3 Nc6 6. Nxe5 Bxf2+ 7. Kxf2 Nxe5 8. b3 d5 9. cxd5 c6 10. dxc6 Nxc6 11. Rf1 Qb6+ 12. e3 Bg4 13. Bf3 Bh3 14. Bg2 Bg4 15. Bf3 h5 16. Na4 Qb5 17. Kg1 Ne5 18. Bxg4 hxg4 19. Bb2 Nfd7 20. Rf5 g6 21. Qxg4 a6 22. Rh5 f5 23. Qf4 gxh5 24. Qg5+ Kh8 1/2-1/2

[Event "WC-2017-S-00002"]
[Site "LSS email"]
[Date "2017.05.17"]
[Round "?"]
[White "Lovakovic, Franjo"]
[Black "Bobykin, Kirill Mikhailovich"]
[Result "1/2-1/2"]
[WhiteElo "2405"]
[BlackElo "2498"]
[PlyCount "53"]
[EventDate "2017.06.01"]
[EventType "tourn (corr)"]
[EventRounds "12"]
[EventCountry "GER"]
[SourceTitle "Corr 2024"]
[Source "ChessBase"]
[SourceDate "2023.10.19"]
[SourceVersion "1"]
[SourceVersionDate "2023.10.19"]
[SourceQuality "1"]

1. e4 e5 2. Nf3 Nc6 3. Bb5 a6 4. Ba4 Nf6 5. 0-0 Be7 6. Re1 b5 7. Bb3 d6 8. c3 0-0 9. h3 Nb8 10. d4 Nbd7 11. Bc2 Bb7 12. a4 c5 13. d5 c4 14. Be3 Qc7 15. Nbd2 Rfb8 16. Nh2 Nc5 17. Nhf1 Bc8 18. a5 Bf8 19. Ng3 g6 20. Bg5 Bg7 21. Rf1 Bb7 22. Qf3 Nfd7 23. Qe3 Qc8 24. Be7 Qc7 25. Bg5 Qc8 26. Be7 Qc7 27. Bg5 1/2-1/2

[Event "WC-2017-S-00002"]
[Site "LSS email"]
[Date "2017.05.17"]
[Round "?"]
[White "Sidenko, Anatoly"]
[Black "Bobykin, Kirill Mikhailovich"]
[Result "1/2-1/2"]
[WhiteElo "2406"]
[BlackElo "2498"]
[PlyCount "50"]
[EventDate "2017.06.01"]
[EventType "tourn (corr)"]
[EventRounds "12"]
[EventCountry "GER"]
[SourceTitle "Corr 2024"]
[Source "ChessBase"]
[SourceDate "2023.10.19"]
[SourceVersion "1"]
[SourceVersionDate "2023.10.19"]
[SourceQuality "1"]

1. d4 Nf6 2. Bf4 d5 3. Nc3 Bf5 4. Nf3 e6 5. e3 Bb4 6. Bd3 Nc6 7. 0-0 0-0 8. Bg5 Bg4 9. Bh4 Be7 10. h3 Bh5 11. Be2 Rc8 12. Rc1 Nd7 13. Bg3 Bd6 14. Bxd6 cxd6 15. Nd2 Bxe2 16. Nxe2 b5 17. a4 b4 18. c4 bxc3 19. Rxc3 Nf6 20. Qa1 Nb4 21. Rxc8 Qxc8 22. Nc3 Qb8 23. Qa3 a6 24. Rc1 Rc8 25. Ne2 Rxc1+ 1/2-1/2

[Event "WC-2015-T-00002"]
[Site "LSS email"]
[Date "2015.11.01"]
[Round "?"]
[White "Bobykin, Kirill Mikhailovich"]
[Black "Martin, Angel"]
[Result "1/2-1/2"]
[WhiteElo "2517"]
[BlackElo "2394"]
[PlyCount "57"]
[EventDate "2015.11.08"]
[EventType "tourn (corr)"]
[EventRounds "10"]
[EventCountry "GER"]
[SourceTitle "Corr 2022"]
[Source "ChessBase"]
[SourceDate "2021.10.24"]
[SourceVersion "1"]
[SourceVersionDate "2021.10.24"]
[SourceQuality "1"]

1. e4 c5 2. Nf3 d6 3. d4 cxd4 4. Nxd4 Nf6 5. Nc3 g6 6. Be3 Bg7 7. f3 Nc6 8. Qd2 0-0 9. 0-0-0 d5 10. Qe1 e5 11. Nxc6 bxc6 12. exd5 Nxd5 13. Bc4 Be6 14. Ne4 Qc7 15. Bc5 Rfd8 16. Qh4 h6 17. g4 Rd7 18. g5 h5 19. Qf2 Rad8 20. a3 Nf4 21. Rxd7 Rxd7 22. Bxe6 Nxe6 23. Re1 Qa5 24. h4 Kh7 25. Be3 Qd5 26. Kb1 Rb7 27. Bd2 Nd4 28. Rc1 a5 29. Ka1 1/2-1/2

[Event "WC-2015-T-00002"]
[Site "LSS email"]
[Date "2015.11.01"]
[Round "?"]
[White "Bobykin, Kirill Mikhailovich"]
[Black "Perez, Brigiliano"]
[Result "1/2-1/2"]
[WhiteElo "2517"]
[BlackElo "2511"]
[PlyCount "39"]
[EventDate "2015.11.08"]
[EventType "tourn (corr)"]
[EventRounds "10"]
[EventCountry "GER"]
[SourceTitle "Corr 2022"]
[Source "ChessBase"]
[SourceDate "2021.10.24"]
[SourceVersion "1"]
[SourceVersionDate "2021.10.24"]
[SourceQuality "1"]

1. e4 e5 2. Nf3 Nc6 3. Bb5 Nf6 4. d3 Bc5 5. c3 0-0 6. 0-0 d6 7. Nbd2 Ne7 8. d4 exd4 9. cxd4 Bb6 10. Re1 Bg4 11. h3 Bh5 12. Qb3 d5 13. e5 Nd7 14. a4 a6 15. Bd3 c5 16. Qc2 Bg6 17. Ng5 Qc8 18. e6 fxe6 19. Nxe6 Re8 20. Nxc5 1/2-1/2

[Event "WC-2015-T-00002"]
[Site "LSS email"]
[Date "2015.11.01"]
[Round "?"]
[White "Pepermans, Toon"]
[Black "Bobykin, Kirill Mikhailovich"]
[Result "1/2-1/2"]
[WhiteElo "2501"]
[BlackElo "2517"]
[PlyCount "23"]
[EventDate "2015.11.08"]
[EventType "tourn (corr)"]
[EventRounds "10"]
[EventCountry "GER"]
[SourceTitle "Corr 2022"]
[Source "ChessBase"]
[SourceDate "2021.10.24"]
[SourceVersion "1"]
[SourceVersionDate "2021.10.24"]
[SourceQuality "1"]

1. d4 Nf6 2. Bg5 c5 3. d5 Ne4 4. Bf4 Qb6 5. Bc1 e6 6. f3 Qa5+ 7. c3 Nf6 8. e4 d6 9. Bd2 Qd8 10. Qa4+ Nfd7 11. c4 Be7 12. Nc3 1/2-1/2